| 000 | 01972cad a22003015a 4500 | ||
|---|---|---|---|
| 001 | L144058 | ||
| 008 | 061211s2008 f f000 0 eng d | ||
| 020 | _a9781851129362 | ||
| 035 | _a(Sirsi) u144058 | ||
| 041 | 0 | _aeng | |
| 050 | 0 | 4 | _a711.26 $2 18 |
| 110 | 1 |
_aUnited Kingdom _bDepartment for Communities and Local Government _94939 |
|
| 245 | 0 | 0 |
_aPlanning Policy Statement 25 _bdevelopment and flood risk _h[electronic resource] |
| 260 |
_aLondon _bTSO _c2008 |
||
| 490 | 0 |
_aPlanning Policy Statement _v25 |
|
| 505 | 1 | _aIntroduction -- Taking flood risk into account in the planning process -- The assessment of flood risk -- The sequential and exception tests -- Managing surface water -- Risk management by design -- Residual risk -- Appendices and glossary | |
| 520 | _aThis document provides official guidelines on how to implement development and flood risk policies by the land use planning system. It is aimed at regional planning bodies and local planning authorities. It explains how these policies can be varied in light of specific circumstances. The approach adopted is summarised as follows: assess - avoid - substitute - control - mitigate. The guide is complementary to Planning Policy Statement 25: Development and Flood Risk (PPS25) (see L135772). | ||
| 520 | _aSupersedes Development and Flood Risk: A Practice Companion to PPS25 (L136715). | ||
| 520 | _aSuperseded by the practice guide published in December 2009, ISBN 9781409820550 (L148967). | ||
| 590 | _aKA NTK | ||
| 650 | 2 | 4 | _aPLANNING POLICY STATEMENT 25 |
| 650 | 2 | 4 | _aPLANNING POLICY GUIDANCE NOTE 25 |
| 651 | 4 |
_aEngland _y886- |
|
| 690 | _aENVIRONMENTAL AND LAND CONSULTANCY-PLANNING AND DEVELOPMENT-PLANNING GUIDANCE | ||
| 690 | _aENVIRONMENTAL AND LAND CONSULTANCY-WATER RESOURCE MANAGEMENT-FLOODING | ||
| 856 | 4 | 0 |
_uhttps://www.communities.gov.uk/publications/planningandbuilding/pps25practiceguide _zView the item free of charge at www.communities.gov.uk.. |
| 942 | _n0 | ||
| 999 |
_c108369 _d108369 |
||